000 00233 a2200097 4500
001 45679
100 _aHume D
245 _aGreat books of the western world
260 _aChicago
_bWilliam Benton publisher
_c
090 _c28858
_d28858
942 _aNUST-CAE
_cM
_c20955
999 _c280752
_d280752